Statistical Modelling and Machine Learning Principles for Bioinformatics Techniques, Tools, and Applications (Record no. 615694)

000 -LEADER
fixed length control field 00475nam a22001457a 4500
040 ## - CATALOGING SOURCE
Transcribing agency ASAB
245 ## - TITLE STATEMENT
Title Statistical Modelling and Machine Learning Principles for Bioinformatics Techniques, Tools, and Applications
Statement of responsibility, etc. edited by K. G. Srinivasa
250 ## - EDITION STATEMENT
Remainder of edition statement First Edition
260 ## - PUBLICATION, DISTRIBUTION, ETC.
Place of publication, distribution, etc. Singapore
Name of publisher, distributor, etc. Springer
Date of publication, distribution, etc. 2020
300 ## - PHYSICAL DESCRIPTION
Extent XII, 317p.
700 ## - ADDED ENTRY--PERSONAL NAME
Personal name Srinivasa,K. G.
9 (RLIN) 132573
700 ## - ADDED ENTRY--PERSONAL NAME
Personal name Siddesh,G. M.
9 (RLIN) 132574
700 ## - ADDED ENTRY--PERSONAL NAME
Personal name Manisekhar,S. R.
9 (RLIN) 132575
942 ## - ADDED ENTRY ELEMENTS (KOHA)
Source of classification or shelving scheme
Koha item type Book
Holdings
Withdrawn status Lost status Source of classification or shelving scheme Damaged status Not for loan Permanent Location Current Location Date acquired Source of acquisition Total Checkouts Full call number Barcode Date last seen Price effective from Koha item type
          Atta-ur-Rahman School of Applied Biosciences (ASAB) Atta-ur-Rahman School of Applied Biosciences (ASAB) 12/24/2025 Purchase   570.285 STA 2020 3493 ASAB3493 12/24/2025 12/24/2025 Book
© 2023 Central Library, National University of Sciences and Technology. All Rights Reserved.